12 to 1 Boys' Names Sorting Gallery Quiz Stats

 Plays Quiz Updated May 18, 2018

Challenge
Share
Tweet
Embed
Score 0/78 Timer 09:00
0 Plays Today
% Correct
Archer
86.3%
Fox
85.7%
Bear
85.4%
Hunter
85.2%
Zechariah
84.4%
Tiger
84.3%
Bishop
83.8%
Wolf
83.2%
Apollo
82.1%
Zephaniah
81%
Raven
80.5%
Basil
80.4%
Obadiah
80.2%
Charles
80.1%
Sage
79.9%
Henry
79.7%
Edward
79.6%
Robin
78.6%
George
78.4%
Malachi
78.3%
Habakkuk
77.3%
Cooper
77.1%
Jonah
76.1%
Fletcher
75.6%
William
75.4%
Mick
74.7%
Richard
74.5%
James
74.5%
Micah
74.2%
Orion
73.8%
Haggai
73.7%
Mason
73.7%
Hosea
73.6%
Benedict
73.6%
Chandler
71.4%
Chris
70.2%
Nahum
69.3%
Nelson
69.3%
Harry
69.1%
% Correct
Keith
68.8%
Francis
68.4%
Chico
68.3%
Marshall
68.1%
Amos
67.8%
John
65.9%
Troy
64.6%
Louis
64.2%
Peregrine
62.9%
Bernardo
60.7%
Mace
59.9%
Lee
59.4%
Jay
57.7%
Hugo
56.5%
Spencer
56%
Gabriel
55.3%
Jules
55%
Britt
54.8%
Paris
54.7%
Vin
53.9%
Raphael
51.6%
Jimbo
50%
Stewart
49.8%
Brian
49.1%
Jasper
47.2%
Hector
46.5%
Joel
45.9%
Kearney
45.9%
Charlie
44.7%
Bill
43.5%
Leo
43.3%
Lucas
40.9%
Stephen
40.5%
Jason
38.7%
Tyler
37.7%
Dolph
35.9%
Ethan
33.2%
Adam
33.2%
Nathan
27.7%

You're not logged in!

Compare scores with friends on all Sporcle quizzes.
OR
Log In

You Might Also Like...

Show Comments

Extras

Top Quizzes Today


Score Distribution

Your Account Isn't Verified!

In order to create a playlist on Sporcle, you need to verify the email address you used during registration. Go to your Sporcle Settings to finish the process.

Report this User

Report this user for behavior that violates our Community Guidelines.

Details: